000 01024nam a2200253 i 4500
001 bg
100 1 _aCHADY, Tomasz
245 1 0 _aWieloczęstotliwościowe algorytmy identyfikacji w układach defektoskopii wiroprądowej /
_cTomasz Chady.
260 _aSzczecin :
_bWydaw. Uczelniane PS,
_c2003.
300 _a147, [6] s. :
_bil. ;
_c24 cm.
490 1 _aPrace Naukowe Politechniki Szczecińskiej. Katedra Elektrotechniki Teoretycznej i Informatyki,
_x1230-1930 ;
_vnr 6
500 _aNr serii gł. : 578. - Streszcz. franc., ang.
504 _aBibliogr.
650 9 _aBadania nieniszczące
_xmetody
650 9 _aPrądy wirowe
_xstosowanie
650 9 _aPrzetworniki wiroprądowe
_xstosowanie
650 9 _aNaprężenia i odkształcenia
_xbadanie
830 _aPrace Naukowe Politechniki Szczecińskiej. Katedra Elektrotechniki Teoretycznej i Informatyki,
_x1230-1930 ;
040 _cBPK
041 0 _apol
_bengfra
080 _a620.1:539.4:621.37:537.8
942 _cKS
008 s pl f |000 0 pol
999 _c43468
_d43468
856 _uhttp://koha.tu.koszalin.pl/cgi-bin/koha/opac-detail.pl?biblionumber=43468
_yKatalog online BPK